[Event "POL-chT 1st League"]
[Site "Pokrzywna"]
[Date "2018.09.03"]
[Round "3.2"]
[White "Dybowski, Jerzy"]
[Black "Cvek, Robert"]
[Result "0-1"]
[WhiteElo "2276"]
[BlackElo "2509"]
[PlyCount "108"]
[EventDate "2018.09.01"]
[EventType "team-tourn"]
[EventRounds "9"]
[EventCountry "POL"]
[SourceTitle "CBM 186 Extra"]
[Source "ChessBase"]
[SourceDate "2018.08.24"]
[SourceVersion "1"]
[SourceVersionDate "2018.08.24"]
[SourceQuality "1"]
[WhiteTeam "Lublin Drakon"]
[BlackTeam "Raciborz Silesia"]
[WhiteTeamCountry "POL"]
[BlackTeamCountry "POL"]

1. d4 Nf6 2. e3 c5 3. c3 e6 4. Bd3 b6 5. Qe2 Bb7 6. f4 Be4 7. Nd2 Bxd3 8. Qxd3 d5 9. Ngf3 g6 10. 0-0 Bg7 11. a4 0-0 12. b3 Qc7 13. Bb2 Nbd7 14. Rfc1 Qb7 15. Ne5 Rfd8 16. Nxd7 Nxd7 17. Qe2 Rac8 18. b4 cxb4 19. cxb4 Bf8 20. b5 Nf6 21. Qd3 Rxc1+ 22. Rxc1 Rc8 23. Rxc8 Qxc8 24. Qc3 Qxc3 25. Bxc3 Ba3 26. Nb3 Ne4 27. Bd2 h5 28. Kf1 Kg7 29. Ke2 Kf6 30. Be1 Kf5 31. Kd3 Nd6 32. Bc3 Ne4 33. Be1 Bd6 34. h3 Be7 35. Na1 g5 36. fxg5 Kxg5 37. Nc2 f6 38. Bb4 Bxb4 39. Nxb4 Kh4 40. Nc6 Kg3 41. Nxa7 Nd6 42. a5 bxa5 43. b6 Kxg2 44. Nb5 Nb7 45. Nc7 Kxh3 46. Nxe6 h4 47. Nc5 Nd8 48. Ne6 Nc6 49. Nf4+ Kg3 50. Nh5+ Kf3 51. Nf4 Nd8 52. Kc3 Nb7 53. Kb3 Kxe3 54. Nxd5+ Kf3 0-1

[Event "London Imperial College op"]
[Site "London"]
[Date "2013.02.02"]
[Round "2"]
[White "Dybowski, Jerzy"]
[Black "Villiers, Thomas"]
[Result "1-0"]
[WhiteElo "2274"]
[BlackElo "2004"]
[PlyCount "105"]
[EventDate "2013.02.01"]
[EventType "swiss"]
[EventRounds "5"]
[EventCountry "ENG"]
[SourceTitle "CBM 153 Extra"]
[Source "ChessBase"]
[SourceDate "2013.04.22"]
[SourceVersion "1"]
[SourceVersionDate "2013.04.22"]
[SourceQuality "1"]

1. d4 Nf6 2. c4 g6 3. Nc3 Bg7 4. e4 d6 5. h3 0-0 6. Bg5 c6 7. Nf3 Nbd7 8. Be2 e5 9. d5 Qc7 10. 0-0 h6 11. Be3 Nh5 12. Qd2 f5 13. exf5 gxf5 14. Bxh6 Ndf6 15. Bxg7 Qxg7 16. Qg5 Nf4 17. Qxg7+ Kxg7 18. dxc6 bxc6 19. Rfd1 Ne4 20. Bf1 Nxc3 21. bxc3 Rf6 22. c5 e4 23. cxd6 exf3 24. d7 Bxd7 25. Rxd7+ Kh6 26. g3 Rg8 27. Re1 Nd5 28. c4 Nc3 29. Re3 Nxa2 30. Rxa7 Nb4 31. Rxf3 c5 32. Rc7 Nc6 33. Rf4 Rg7 34. Rxf5 Rxf5 35. Rxc6+ Kg5 36. f4+ Rxf4 37. gxf4+ Kxf4+ 38. Kf2 Rg5 39. Bg2 Rh5 40. Rf6+ Ke5 41. Rf3 Rh4 42. Re3+ Kf5 43. Bd5 Rh8 44. Kg3 Rb8 45. h4 Rb2 46. h5 Kg5 47. Bf3 Kf6 48. h6 Kg6 49. Re6+ Kf7 50. h7 Kg7 51. Be4 Rb8 52. Rg6+ Kh8 53. Rg8+ 1-0

[Event "London Imperial College op"]
[Site "London"]
[Date "2013.02.02"]
[Round "3"]
[White "Madan, Augustin"]
[Black "Dybowski, Jerzy"]
[Result "1-0"]
[WhiteElo "2299"]
[BlackElo "2274"]
[PlyCount "131"]
[EventDate "2013.02.01"]
[EventType "swiss"]
[EventRounds "5"]
[EventCountry "ENG"]
[SourceTitle "CBM 153 Extra"]
[Source "ChessBase"]
[SourceDate "2013.04.22"]
[SourceVersion "1"]
[SourceVersionDate "2013.04.22"]
[SourceQuality "1"]

1. e4 c5 2. Nc3 Nc6 3. f4 g6 4. Nf3 Bg7 5. Bc4 e6 6. f5 Nge7 7. fxe6 dxe6 8. d3 Na5 9. Bb3 0-0 10. Be3 b6 11. 0-0 Nec6 12. Qd2 c4 13. Ba4 Nd4 14. Nxd4 Bxd4 15. Bb5 cxd3 16. Qxd3 Bxe3+ 17. Qxe3 Qc7 18. e5 Bb7 19. Rf2 Nc4 20. Bxc4 Qxc4 21. b3 Qc6 22. Re1 Rac8 23. Na4 b5 24. Nb2 Qc3 25. Nd1 Qxe3 26. Nxe3 Rfd8 27. Ng4 Rc3 28. Nh6+ Kg7 29. Nxf7 Rf8 30. Ref1 Bd5 31. g4 b4 32. g5 Rc7 33. Nd6 Rxf2 34. Rxf2 Kg8 35. Ne8 Rc5 36. Nf6+ Kg7 37. Rd2 h6 38. Nxd5 exd5 39. gxh6+ Kxh6 40. Kf2 Kg5 41. Ke3 Kf5 42. Kd4 Ra5 43. Rf2+ Ke6 44. Rf6+ Ke7 45. Rxg6 Rxa2 46. Rg2 Ke6 47. h4 Ra1 48. Rg6+ Kf7 49. Rf6+ Ke7 50. Kxd5 Rd1+ 51. Kc4 Rd2 52. Kxb4 Rxc2 53. Ra6 Re2 54. Rxa7+ Ke6 55. Ra5 Re4+ 56. Kc5 Rxe5+ 57. Kb6 Re4 58. h5 Rh4 59. Rb5 Kd6 60. b4 Kd7 61. Rd5+ Ke6 62. Kc5 Rh1 63. Kc6 Rc1+ 64. Rc5 Rd1 65. b5 Rd6+ 66. Kb7 1-0

[Event "London Imperial College op"]
[Site "London"]
[Date "2013.02.01"]
[Round "1"]
[White "Dydak, Mateusz"]
[Black "Dybowski, Jerzy"]
[Result "0-1"]
[WhiteElo "1935"]
[BlackElo "2274"]
[PlyCount "88"]
[EventDate "2013.02.01"]
[EventType "swiss"]
[EventRounds "5"]
[EventCountry "ENG"]
[SourceTitle "CBM 153 Extra"]
[Source "ChessBase"]
[SourceDate "2013.04.22"]
[SourceVersion "1"]
[SourceVersionDate "2013.04.22"]
[SourceQuality "1"]

1. e4 c5 2. Nf3 Nc6 3. Bb5 Qc7 4. 0-0 Nf6 5. Re1 a6 6. Bf1 d6 7. h3 g6 8. c3 Bg7 9. d3 0-0 10. Bf4 e5 11. Bg5 Nh5 12. Nbd2 Be6 13. Nh2 Rfe8 14. Nc4 b5 15. Nd2 Nf4 16. Bxf4 exf4 17. a4 b4 18. Rc1 Qa5 19. Nb1 Rab8 20. Nf3 bxc3 21. bxc3 Ba2 22. Nfd2 Bh6 23. Qc2 Be6 24. Na3 f3 25. Nac4 Qd8 26. Rb1 fxg2 27. Bxg2 Qg5 28. Nf3 Qf4 29. Ne3 Ne5 30. Nxe5 Qxe5 31. Ng4 Bxg4 32. hxg4 Bf4 33. Rbd1 Qg5 34. Qe2 Rb3 35. c4 Reb8 36. Qf3 Be5 37. Qh3 Rb2 38. Rf1 Qf4 39. Qg3 Qxg3 40. fxg3 Bxg3 41. e5 Bxe5 42. Rf3 Ra2 43. Kf1 Rbb2 44. Bh3 Rh2 0-1

[Event "Karvina op"]
[Site "Karvina"]
[Date "2000.??.??"]
[Round "3"]
[White "Lybin, Dmitry Vitalievich"]
[Black "Dybowski, Jerzy"]
[Result "0-1"]
[WhiteElo "2433"]
[BlackElo "2274"]
[PlyCount "66"]
[EventDate "2000.??.??"]
[EventType "swiss"]
[EventRounds "10"]
[EventCountry "CZE"]
[SourceTitle "EXT 2006"]
[Source "ChessBase"]
[SourceDate "2005.11.24"]
[SourceVersion "1"]
[SourceVersionDate "2005.11.24"]
[SourceQuality "1"]

1. d4 f5 2. Nc3 Nf6 3. Bg5 d5 4. f3 c5 5. e4 dxe4 6. d5 Qb6 7. Bxf6 exf6 8. fxe4 Qxb2 9. Bb5+ Bd7 10. Bxd7+ Nxd7 11. Nge2 0-0-0 12. exf5 Bd6 13. 0-0 Rhe8 14. a4 Qb4 15. Rb1 Qc4 16. Qd3 Ne5 17. Qxc4 Nxc4 18. Rf2 Ne3 19. Nb5 Bb8 20. Nf4 a6 21. Na3 Bxf4 22. Rxf4 Rxd5 23. Re1 Ree5 24. Rf3 Ng4 25. Rxe5 Rd1+ 26. Rf1 Rxf1+ 27. Kxf1 Nxe5 28. Ke2 Kc7 29. Ke3 Kb6 30. Nb1 Ka5 31. Nc3 Kb4 32. Ne4 b6 33. Nd6 Nc4+ 0-1

[Event "Karvina op"]
[Site "Karvina"]
[Date "2000.??.??"]
[Round "7"]
[White "Walowy, Bohumir"]
[Black "Dybowski, Jerzy"]
[Result "1-0"]
[WhiteElo "2138"]
[BlackElo "2274"]
[PlyCount "73"]
[EventDate "2000.??.??"]
[EventType "swiss"]
[EventRounds "10"]
[EventCountry "CZE"]
[SourceTitle "EXT 2006"]
[Source "ChessBase"]
[SourceDate "2005.11.24"]
[SourceVersion "1"]
[SourceVersionDate "2005.11.24"]
[SourceQuality "1"]

1. e4 c5 2. Nc3 Nc6 3. g3 g6 4. Bg2 Bg7 5. d3 d6 6. Be3 Nf6 7. h3 0-0 8. Qd2 Nd4 9. Nce2 e5 10. c3 Nxe2 11. Nxe2 b5 12. 0-0 Bb7 13. f4 Qc7 14. Rf2 Nd7 15. f5 f6 16. c4 Nb6 17. cxb5 a6 18. bxa6 Rxa6 19. a3 g5 20. Rc1 Rc8 21. d4 Bf8 22. d5 Ra7 23. Bf1 Ba6 24. Nc3 Nc4 25. Bxc4 Bxc4 26. Rh2 Rb7 27. Nd1 Bb3 28. Nf2 Rcb8 29. h4 h6 30. Ng4 Qd8 31. hxg5 hxg5 32. Bxg5 fxg5 33. f6 Kf7 34. Qxg5 Ke8 35. Nxe5 dxe5 36. Qxe5+ Kd7 37. Qe6+ 1-0

[Event "London op"]
[Site "London"]
[Date "1994.??.??"]
[Round "7"]
[White "Barnes, Michael"]
[Black "Dybowski, Jerzy"]
[Result "1/2-1/2"]
[WhiteElo "2335"]
[BlackElo "2315"]
[PlyCount "85"]
[EventDate "1994.??.??"]
[EventType "swiss"]
[EventRounds "10"]
[EventCountry "ENG"]
[SourceTitle "EXT 1998"]
[Source "ChessBase"]
[SourceDate "1997.11.17"]
[SourceVersion "1"]
[SourceVersionDate "1997.11.17"]
[SourceQuality "1"]

1. d4 f5 2. Nc3 Nf6 3. Bg5 d5 4. e3 c6 5. Bxf6 exf6 6. Bd3 g6 7. h3 Bd6 8. Qf3 Na6 9. a3 Qe7 10. Nge2 Nc7 11. g4 fxg4 12. hxg4 Kf7 13. Nf4 Bxf4 14. Qxf4 Ne6 15. Qh6 Bd7 16. Ne2 Qf8 17. Qh2 h5 18. gxh5 gxh5 19. 0-0-0 Qe7 20. Rdg1 Kf8 21. Nf4 Be8 22. Nxe6+ Qxe6 23. Qc7 Qe7 24. Qxe7+ Kxe7 25. Rg7+ Kd6 26. Rxb7 Bd7 27. c4 dxc4 28. Bxc4 h4 29. e4 Rae8 30. f3 h3 31. Kd2 Re7 32. Ke3 Rg7 33. b4 a5 34. bxa5 Rg2 35. a6 h2 36. a7 Ra8 37. f4 c5 38. e5+ Kc6 39. Rxd7 Kxd7 40. Bd5 cxd4+ 41. Kxd4 Rxa7 42. Bxg2 fxe5+ 43. fxe5 1/2-1/2

[Event "London op"]
[Site "London"]
[Date "1994.??.??"]
[Round "6"]
[White "Dybowski, Jerzy"]
[Black "McMahon, Daire"]
[Result "1-0"]
[WhiteElo "2315"]
[BlackElo "2235"]
[PlyCount "98"]
[EventDate "1994.??.??"]
[EventType "swiss"]
[EventRounds "10"]
[EventCountry "ENG"]
[SourceTitle "EXT 1998"]
[Source "ChessBase"]
[SourceDate "1997.11.17"]
[SourceVersion "1"]
[SourceVersionDate "1997.11.17"]
[SourceQuality "1"]

1. d4 Nf6 2. c4 e6 3. Nf3 d5 4. Bg5 Nbd7 5. cxd5 exd5 6. e3 Bb4+ 7. Nbd2 h6 8. Bxf6 Qxf6 9. Qb3 Qd6 10. a3 Ba5 11. Qc2 0-0 12. Bd3 Bxd2+ 13. Nxd2 Nf6 14. 0-0 a5 15. Rfc1 c6 16. Rab1 Bd7 17. Nf3 Rfe8 18. Ne5 Be6 19. b4 axb4 20. axb4 Rec8 21. Qc5 Qxc5 22. bxc5 Rc7 23. Ra1 Rxa1 24. Rxa1 Kf8 25. Ra8+ Rc8 26. Ra3 Nd7 27. Nxd7+ Bxd7 28. Rb3 Rb8 29. h4 Ke7 30. Kh2 g5 31. hxg5 hxg5 32. Kg3 Bc8 33. Ra3 Kf6 34. Ra1 b5 35. cxb6 Rxb6 36. Ra8 Be6 37. Ra3 Bd7 38. Ra7 Be6 39. Rc7 Kg7 40. Bc2 Ra6 41. Bb1 Kf6 42. Bd3 Rb6 43. Bc2 Ra6 44. Kf3 Kg7 45. g4 Kf6 46. Kg3 Ra1 47. Rxc6 Rg1+ 48. Kh3 Rf1 49. Kg2 Rc1 1-0

[Event "London op"]
[Site "London"]
[Date "1994.??.??"]
[Round "1"]
[White "Gillani, Tunveer MD"]
[Black "Dybowski, Jerzy"]
[Result "1-0"]
[WhiteElo "2405"]
[BlackElo "2315"]
[PlyCount "51"]
[EventDate "1994.??.??"]
[EventType "swiss"]
[EventRounds "10"]
[EventCountry "ENG"]
[SourceTitle "EXT 1998"]
[Source "ChessBase"]
[SourceDate "1997.11.17"]
[SourceVersion "1"]
[SourceVersionDate "1997.11.17"]
[SourceQuality "1"]

1. e4 c5 2. Nf3 Nc6 3. d4 cxd4 4. Nxd4 e5 5. Nb5 d6 6. N1c3 a6 7. Na3 b5 8. Nd5 Nge7 9. Bg5 h6 10. Bh4 Be6 11. c3 Rb8 12. Nc2 Qd7 13. Be2 Ng6 14. Bg3 Be7 15. Nce3 0-0 16. 0-0 Bg5 17. Re1 Nce7 18. Qd3 Bxe3 19. Nxe3 Nf4 20. Bxf4 exf4 21. Nd5 Bxd5 22. exd5 g5 23. Bh5 Qf5 24. Qf3 Rfe8 25. Re2 Qxd5 26. Rxe7 1-0

[Event "CZE-chT 9293"]
[Site "Czech Republic"]
[Date "1993.02.07"]
[Round "6"]
[White "Dybowski, Jerzy"]
[Black "Hudecek, Jan"]
[Result "0-1"]
[WhiteElo "2360"]
[BlackElo "2305"]
[PlyCount "76"]
[EventDate "1992.11.28"]
[EventType "team-tourn"]
[EventRounds "9"]
[EventCountry "CZE"]
[SourceTitle "EXT 2019"]
[Source "ChessBase"]
[SourceDate "2018.10.10"]
[SourceVersion "1"]
[SourceVersionDate "2018.10.10"]
[SourceQuality "1"]
[WhiteTeam "Karvina SK Banik CSA "]
[BlackTeam "Jiskra Stare Mesto"]
[WhiteTeamCountry "CZE"]
[BlackTeamCountry "CZE"]

1. d4 Nf6 2. c4 c5 3. d5 b5 4. cxb5 a6 5. f3 axb5 6. e4 Qa5+ 7. Bd2 b4 8. Na3 d6 9. Nc4 Qc7 10. a3 e6 11. axb4 Rxa1 12. Qxa1 exd5 13. exd5 Nxd5 14. b5 Be7 15. Qa8 Bb7 16. Qa5 0-0 17. Bd3 Nd7 18. Ne2 N7b6 19. Nxb6 Nxb6 20. 0-0 Bf6 21. Bc1 c4 22. Bb1 Qc5+ 23. Kh1 Ra8 24. Qd2 Qxb5 25. Nc3 Qc5 26. Ne4 Bxe4 27. fxe4 Ra1 28. Qc2 Be5 29. Bd2 Qb5 30. Be3 Na4 31. Qf2 Qb7 32. Bc2 Rxf1+ 33. Qxf1 Nxb2 34. Qa1 h6 35. Qa5 Nd3 36. Qd5 Qxd5 37. exd5 Nb4 38. Be4 c3 0-1

[Event "Lublin"]
[Site "Lublin"]
[Date "1993.??.??"]
[Round "?"]
[White "Dybowski, Jerzy"]
[Black "Solozhenkin, Evgeniy"]
[Result "0-1"]
[WhiteElo "2360"]
[BlackElo "2480"]
[PlyCount "42"]
[EventDate "1993.??.??"]
[EventType "tourn"]
[EventRounds "11"]
[EventCountry "POL"]
[EventCategory "8"]
[SourceTitle "CBM 037 Extra"]
[Source "ChessBase"]
[SourceDate "1994.01.01"]
[SourceVersion "1"]
[SourceVersionDate "1994.01.01"]
[SourceQuality "1"]

1. d4 Nf6 2. c4 e6 3. Nf3 b6 4. Nc3 Bb4 5. e3 Bb7 6. Be2 Ne4 7. Qb3 Bxc3+ 8. bxc3 Ng5 9. d5 Nxf3+ 10. Bxf3 0-0 11. a4 d6 12. a5 Nd7 13. a6 Nc5 14. Qb5 Bc8 15. dxe6 Bxe6 16. Bxa8 Qxa8 17. 0-0 Qe4 18. f3 Qd3 19. Qb1 Qxc3 20. Qb2 Qxc4 21. Qd4 Nb3 0-1

[Event "Karvina op"]
[Site "Karvina"]
[Date "1992.??.??"]
[Round "6"]
[White "Dybowski, Jerzy"]
[Black "Belov, Igor"]
[Result "0-1"]
[WhiteElo "2350"]
[BlackElo "2440"]
[PlyCount "82"]
[EventDate "1992.??.??"]
[EventType "swiss"]
[EventRounds "9"]
[EventCountry "CZE"]
[SourceTitle "EXT 1997"]
[Source "ChessBase"]
[SourceDate "1996.11.15"]
[SourceVersion "1"]
[SourceVersionDate "1996.11.15"]
[SourceQuality "1"]

1. d4 d6 2. c4 e5 3. dxe5 dxe5 4. Qxd8+ Kxd8 5. Nc3 Be6 6. e4 c6 7. f4 exf4 8. Bxf4 Nd7 9. Nf3 Bb4 10. 0-0-0 Ngf6 11. Ng5 h6 12. Nxe6+ fxe6 13. Bd3 Ng4 14. Rd2 Rf8 15. Rf1 Ke7 16. h3 Nge5 17. Be2 Bc5 18. Kc2 Rxf4 19. Rxf4 Be3 20. Rf1 Bxd2 21. Kxd2 c5 22. Ke3 Nc6 23. b3 Nde5 24. Rd1 Nb4 25. Rd2 Rf8 26. Na4 b6 27. Nc3 g5 28. Nb5 Nbc6 29. Rd1 Ng6 30. g3 Nge5 31. Rd2 a6 32. Nc3 Nd4 33. Na4 Nxe2 34. Kxe2 Rf3 35. Nxb6 Rxg3 36. Na4 Rxh3 37. Nxc5 g4 38. Nd3 Nf3 39. Rd1 Nd4+ 40. Kf2 Rf3+ 41. Kg2 Nc2 0-1

[Event "Karvina op"]
[Site "Karvina"]
[Date "1992.??.??"]
[Round "5"]
[White "Shtyrenkov, Veniamen"]
[Black "Dybowski, Jerzy"]
[Result "1/2-1/2"]
[WhiteElo "2440"]
[BlackElo "2350"]
[PlyCount "65"]
[EventDate "1992.??.??"]
[EventType "swiss"]
[EventRounds "9"]
[EventCountry "CZE"]
[SourceTitle "EXT 1997"]
[Source "ChessBase"]
[SourceDate "1996.11.15"]
[SourceVersion "1"]
[SourceVersionDate "1996.11.15"]
[SourceQuality "1"]

1. e4 c5 2. Nf3 Nc6 3. Bb5 d6 4. d4 cxd4 5. Qxd4 Bd7 6. Bxc6 bxc6 7. 0-0 Qb6 8. Qd3 e5 9. c4 Bg4 10. Nc3 Nf6 11. Be3 Qc7 12. Nh4 Be7 13. h3 Be6 14. Nf5 Bxf5 15. exf5 Rd8 16. f4 0-0 17. fxe5 dxe5 18. Qc2 Qa5 19. Kh1 Qa6 20. b3 Bb4 21. Ne2 Rfe8 22. Rad1 h6 23. g4 c5 24. Ng3 Qc6+ 25. Qg2 e4 26. Rxd8 Rxd8 27. g5 hxg5 28. Bxg5 Bc3 29. Bxf6 Bxf6 30. Nxe4 Rd3 31. Ng3 Qd6 32. Ne4 Qd4 33. Nxf6+ 1/2-1/2

[Event "POL-chT 47th"]
[Site "Mikolajki"]
[Date "1991.09.??"]
[Round "1"]
[White "Dybowski, Jerzy"]
[Black "Filipowicz, Andrzej"]
[Result "1-0"]
[WhiteElo "2315"]
[BlackElo "2360"]
[PlyCount "93"]
[EventDate "1991.09.20"]
[EventType "team-swiss"]
[EventRounds "9"]
[EventCountry "POL"]
[SourceTitle "EXT 2019"]
[Source "ChessBase"]
[SourceDate "2018.10.10"]
[SourceVersion "1"]
[SourceVersionDate "2018.10.10"]
[SourceQuality "1"]
[WhiteTeam "Lublin Start"]
[BlackTeam "Warszawa Legion"]
[WhiteTeamCountry "POL"]
[BlackTeamCountry "POL"]

1. Nf3 c5 2. c4 g6 3. d4 Bg7 4. e4 Na6 5. Nc3 d6 6. Be2 Nf6 7. d5 Nc7 8. h3 a6 9. a4 b6 10. Bg5 0-0 11. 0-0 h6 12. Be3 Rb8 13. Qd2 Kh7 14. Bd3 e5 15. dxe6 Bxe6 16. Rfd1 b5 17. axb5 axb5 18. cxb5 c4 19. Bb1 Nxb5 20. Nxb5 Rxb5 21. Nd4 Rb7 22. Nxe6 fxe6 23. Qc2 Nd7 24. Qxc4 Bxb2 25. Ra6 Be5 26. Qxe6 Qf6 27. Qxf6 Rxf6 28. Ra7 Rxa7 29. Bxa7 Nc5 30. Rd5 Na4 31. Ra5 Nc3 32. Bd3 Rf7 33. Be3 Kg7 34. f4 Bf6 35. e5 dxe5 36. fxe5 Bd8 37. Ra6 Bg5 38. Rxg6+ Kf8 39. Bxg5 hxg5 40. Rxg5 Rc7 41. h4 Nd5 42. h5 Nf4 43. Rf5+ Rf7 44. h6 Ne2+ 45. Kf2 Nd4 46. Rxf7+ Kxf7 47. e6+ 1-0

[Event "POL-chT 47th"]
[Site "Mikolajki"]
[Date "1991.09.??"]
[Round "7"]
[White "Szopka, Dariusz"]
[Black "Dybowski, Jerzy"]
[Result "1/2-1/2"]
[WhiteElo "2305"]
[BlackElo "2315"]
[PlyCount "83"]
[EventDate "1991.09.20"]
[EventType "team-swiss"]
[EventRounds "9"]
[EventCountry "POL"]
[SourceTitle "EXT 2019"]
[Source "ChessBase"]
[SourceDate "2018.10.10"]
[SourceVersion "1"]
[SourceVersionDate "2018.10.10"]
[SourceQuality "1"]
[WhiteTeam "Czestochowa Skra-Komobex"]
[BlackTeam "Lublin Start"]
[WhiteTeamCountry "POL"]
[BlackTeamCountry "POL"]

1. e4 c5 2. Nf3 Nc6 3. d4 cxd4 4. Nxd4 Nf6 5. Nc3 e5 6. Ndb5 d6 7. Bg5 a6 8. Na3 b5 9. Nd5 Be7 10. Bxf6 Bxf6 11. c3 Bb7 12. Qf3 0-0 13. Rd1 Bg5 14. h4 Bh6 15. g4 Bf4 16. Bg2 Re8 17. Nc2 Rc8 18. g5 Nd4 19. Nxd4 exd4 20. Qxf4 Bxd5 21. Rxd4 Bxa2 22. Rxd6 Qc7 23. 0-0 a5 24. Rfd1 Bb3 25. R1d4 a4 26. Qf5 Rb8 27. Rd7 Qc8 28. Qf4 g6 29. Rc7 Qe6 30. Rdd7 Rbd8 31. Qd2 Rxd7 32. Qxd7 Qxd7 33. Rxd7 Bc4 34. f3 a3 35. bxa3 Ra8 36. Bf1 Rxa3 37. Bxc4 bxc4 38. Rd8+ Kg7 39. Rc8 Rxc3 40. Kf2 h6 41. gxh6+ Kxh6 42. Ke2 1/2-1/2

[Event "POL-chT 46th prel"]
[Site "Bydgoszcz"]
[Date "1990.09.19"]
[Round "4"]
[White "Dybowski, Jerzy"]
[Black "Pedzich, Dominik"]
[Result "1-0"]
[WhiteElo "2350"]
[BlackElo "2415"]
[PlyCount "99"]
[EventDate "1990.09.16"]
[EventType "team-swiss"]
[EventRounds "6"]
[EventCountry "POL"]
[SourceTitle "EXT 2019"]
[Source "ChessBase"]
[SourceDate "2018.10.10"]
[SourceVersion "1"]
[SourceVersionDate "2018.10.10"]
[SourceQuality "1"]
[WhiteTeam "Lublin Start"]
[BlackTeam "Poznan Lech"]
[WhiteTeamCountry "POL"]
[BlackTeamCountry "POL"]

1. c4 Nf6 2. Nc3 g6 3. e4 d6 4. d4 Bg7 5. h3 0-0 6. Bg5 h6 7. Be3 e5 8. d5 a5 9. Bd3 Nh5 10. Nge2 f5 11. f3 f4 12. Bf2 Na6 13. Bc2 Qg5 14. Kf1 Qe7 15. a3 Bf6 16. Rb1 Bh4 17. Bxh4 Qxh4 18. Qe1 Qe7 19. Qf2 Bd7 20. Ke1 Kg7 21. Kd2 Rf7 22. Nc1 g5 23. Nd3 Ng3 24. Rhe1 h5 25. b4 axb4 26. axb4 g4 27. hxg4 hxg4 28. Ne2 Nh5 29. Rh1 g3 30. Qg1 Qg5 31. b5 Nb8 32. Ra1 Rxa1 33. Qxa1 Nf6 34. Kc3 Be8 35. Qa8 Nbd7 36. Qxb7 Nf8 37. b6 cxb6 38. Qxb6 Qg6 39. Ndxf4 exf4 40. e5 Qg5 41. Qxd6 Ng4 42. e6 Ra7 43. Qxf4 Qxf4 44. Nxf4 Ne3 45. Bb3 Kf6 46. Rh8 Kg7 47. Rh3 Kf6 48. Rxg3 Bg6 49. d6 Nf5 50. e7 1-0

[Event "Karvina Hornicky Kahanec-10"]
[Site "Karvina"]
[Date "1987.07.08"]
[Round "12"]
[White "Szymczak, Zbigniew"]
[Black "Dybowski, Jerzy"]
[Result "1-0"]
[WhiteElo "2390"]
[BlackElo "2350"]
[PlyCount "87"]
[EventDate "1987.06.27"]
[EventType "tourn"]
[EventRounds "13"]
[EventCountry "CSR"]
[EventCategory "5"]
[SourceTitle "EXT 2020"]
[Source "ChessBase"]
[SourceDate "2019.10.17"]
[SourceVersion "1"]
[SourceVersionDate "2019.10.17"]
[SourceQuality "1"]

1. d4 f5 2. c4 Nf6 3. Nc3 g6 4. g3 Bg7 5. Bg2 0-0 6. Nh3 d6 7. d5 Na6 8. 0-0 Nc5 9. Nf4 Re8 10. Be3 e5 11. dxe6 Nxe6 12. Nxe6 Rxe6 13. c5 c6 14. cxd6 Qxd6 15. Qb3 Qe7 16. Rad1 Qf7 17. Rd8+ Re8 18. Rxe8+ Nxe8 19. Qb4 Be6 20. Rd1 Nf6 21. h3 a6 22. Qb6 Re8 23. a4 h6 24. Bd4 Kh7 25. e3 Re7 26. b4 Bb3 27. Rc1 Nd5 28. Nxd5 Bxd5 29. Bxg7 Kxg7 30. Qd4+ Qf6 31. Bxd5 Qxd4 32. exd4 cxd5 33. Rc5 Rd7 34. Kf1 Kf6 35. Ke2 Ke6 36. Kd3 Rd6 37. a5 Rc6 38. b5 Rxc5 39. dxc5 axb5 40. Kd4 b4 41. c6 Kd6 42. cxb7 Kc7 43. a6 g5 44. f4 1-0

[Event "Karvina Hornicky Kahanec-10"]
[Site "Karvina"]
[Date "1987.07.07"]
[Round "11"]
[White "Dybowski, Jerzy"]
[Black "Lechtynsky, Jiri"]
[Result "1/2-1/2"]
[WhiteElo "2350"]
[BlackElo "2445"]
[PlyCount "35"]
[EventDate "1987.06.27"]
[EventType "tourn"]
[EventRounds "13"]
[EventCountry "CSR"]
[EventCategory "5"]
[SourceTitle "EXT 2020"]
[Source "ChessBase"]
[SourceDate "2019.10.17"]
[SourceVersion "1"]
[SourceVersionDate "2019.10.17"]
[SourceQuality "1"]

1. d4 Nf6 2. c4 g6 3. Nc3 d5 4. cxd5 Nxd5 5. e4 Nxc3 6. bxc3 Bg7 7. Be3 c5 8. Rc1 Qa5 9. Qd2 cxd4 10. cxd4 Qxd2+ 11. Kxd2 0-0 12. Bb5 Rd8 13. Ne2 Nc6 14. Bxc6 bxc6 15. Rhd1 e5 16. Ke1 exd4 17. Nxd4 Bxd4 18. Rxd4 1/2-1/2

[Event "Karvina Hornicky Kahanec-10"]
[Site "Karvina"]
[Date "1987.07.05"]
[Round "9"]
[White "Pacl, Vaclav"]
[Black "Dybowski, Jerzy"]
[Result "1-0"]
[WhiteElo "2295"]
[BlackElo "2350"]
[PlyCount "119"]
[EventDate "1987.06.27"]
[EventType "tourn"]
[EventRounds "13"]
[EventCountry "CSR"]
[EventCategory "5"]
[SourceTitle "EXT 2020"]
[Source "ChessBase"]
[SourceDate "2019.10.17"]
[SourceVersion "1"]
[SourceVersionDate "2019.10.17"]
[SourceQuality "1"]

1. e4 c5 2. Nf3 Nc6 3. Bb5 d6 4. 0-0 Nf6 5. Re1 Bd7 6. c3 a6 7. Bf1 e5 8. d4 Qc7 9. dxc5 dxc5 10. Nbd2 Be7 11. Nc4 Rd8 12. Qc2 Be6 13. a4 0-0 14. Bg5 h6 15. Bh4 Bxc4 16. Bxc4 Na5 17. b3 Nxc4 18. bxc4 Ne8 19. Bg3 f6 20. Nd2 Nd6 21. Qb3 Qd7 22. Nf1 Qe6 23. Nd2 a5 24. f3 Rc8 25. Rab1 Rc6 26. Re3 Bd8 27. Qa2 Rb6 28. Rbe1 Rc6 29. Rd3 b5 30. axb5 Nxb5 31. Nf1 Rd6 32. Rxd6 Nxd6 33. Ne3 Qc8 34. Rd1 Qc6 35. Bf2 Bb6 36. Nd5 Rf7 37. Rb1 Bc7 38. Qa3 Nxc4 39. Qxc5 Qxc5 40. Bxc5 Bd6 41. Rb5 Bc7 42. Kf2 Bd6 43. Bxd6 Nxd6 44. Rxa5 Rb7 45. Ra2 Rb1 46. Ke3 Re1+ 47. Kd3 Rd1+ 48. Rd2 Rxd2+ 49. Kxd2 Kf7 50. Kd3 h5 51. c4 Ke6 52. c5 Nb5 53. Kc4 Nd4 54. Ne3 g6 55. Nd5 f5 56. exf5+ gxf5 57. Nf4+ Kf6 58. Nxh5+ Kg5 59. Ng3 Kf4 60. Kd5 1-0

[Event "Karvina Hornicky Kahanec-10"]
[Site "Karvina"]
[Date "1987.07.02"]
[Round "6"]
[White "Dybowski, Jerzy"]
[Black "Ksieski, Zbigniew"]
[Result "1/2-1/2"]
[WhiteElo "2350"]
[BlackElo "2365"]
[PlyCount "29"]
[EventDate "1987.06.27"]
[EventType "tourn"]
[EventRounds "13"]
[EventCountry "CSR"]
[EventCategory "5"]
[SourceTitle "EXT 2020"]
[Source "ChessBase"]
[SourceDate "2019.10.17"]
[SourceVersion "1"]
[SourceVersionDate "2019.10.17"]
[SourceQuality "1"]

1. c4 c5 2. Nc3 Nc6 3. g3 g6 4. Bg2 Bg7 5. d3 Rb8 6. e4 e6 7. Nge2 d6 8. 0-0 Nge7 9. Be3 0-0 10. d4 b6 11. Rc1 e5 12. dxc5 bxc5 13. b3 Nd4 14. Nd5 Nxd5 15. exd5 1/2-1/2